| 000 | 00810nam a2200301 a 4500 | ||
|---|---|---|---|
| 001 | 000108178 | ||
| 003 | CHAP | ||
| 005 | 20220329144002.0 | ||
| 008 | 131216s2012 flu| |r| |||1|||eng|d | ||
| 010 | _a104640 | ||
| 011 | _a105612 | ||
| 020 | _a9781439836835 | ||
| 040 | _cCHAP | ||
| 082 | 0 | 4 |
_a664.92 _bH23 2012 |
| 245 | 0 | 0 |
_aHandbook of meat and meat processing / _cpor Y. H. Hui. |
| 250 | _a2 ed. | ||
| 260 | 3 |
_aBoca Raton Fl. : _bCRC Press, _c2012. |
|
| 300 | _axviii, 982 p. | ||
| 590 |
_aE11695DGD _b10 _c20131217 _lUCH01 _h1040 |
||
| 590 |
_aE792CSJ _b05 _c20131216 _lUCH01 _h0904 |
||
| 650 | 1 | 4 |
_aCarne _xIndustria. _919079 |
| 650 | 1 | 4 |
_aCarne _xInspección. _919087 |
| 650 | 1 | 4 |
_aCarne _xProcesado. _919108 |
| 700 | 0 |
_aHui, Y. H. _eed. _956820 |
|
| 901 | _aBK | ||
| 942 | _cLIBRO | ||
| 942 | _n0 | ||
| 999 |
_c104640 _d104640 |
||